| 000 | 01516nam a2200337Ki 4500 | ||
|---|---|---|---|
| 001 | 50816706 | ||
| 003 | OCoLC | ||
| 005 | 20250902012920.0 | ||
| 008 | 021021s2002 nyu e 000 1 eng d | ||
| 020 |
_a044661209X _q(pbk.) |
||
| 040 |
_aZAB _cZAB _dMVP |
||
| 100 | 1 |
_aGarlock, Dorothy. _0http://id.loc.gov/authorities/names/n87101916. |
|
| 245 | 1 | 0 |
_aHigh on a hill / _cDorothy Garlock. |
| 250 | _aWarner Books ed. | ||
| 264 | 1 |
_aNew York : _bWarner Books, _c[2002] |
|
| 264 | 4 | _c℗♭2002. | |
| 300 |
_a386, 17 pages ; _c18 cm. |
||
| 336 |
_atext _btxt _2rdacontent. |
||
| 337 |
_aunmediated _bn _2rdamedia. |
||
| 338 |
_avolume _bnc _2rdacarrier. |
||
| 650 | 0 |
_aFathers and daughters _vFiction. _0http://id.loc.gov/authorities/subjects/sh2008103515. |
|
| 650 | 0 |
_aRunaway teenagers _vFiction. _0http://id.loc.gov/authorities/subjects/sh2008110463. |
|
| 650 | 0 |
_aProhibition _vFiction. _0http://id.loc.gov/authorities/subjects/sh2010108613. |
|
| 650 | 0 |
_aSmuggling _vFiction. _0http://id.loc.gov/authorities/subjects/sh2008111403. |
|
| 651 | 0 |
_aMissouri _vFiction. _0http://id.loc.gov/authorities/subjects/sh2008107219. |
|
| 655 | 7 |
_aHistorical fiction. _2lcgft _0http://id.loc.gov/authorities/genreForms/gf2014026370. |
|
| 655 | 7 |
_aDomestic fiction. _2lcgft _0http://id.loc.gov/authorities/genreForms/gf2014026295. |
|
| 655 | 7 |
_aRomance fiction. _2lcgft _0http://id.loc.gov/authorities/genreForms/gf2014026516. |
|
| 655 | 7 |
_aFiction. _2lcgft _0http://id.loc.gov/authorities/genreForms/gf2014026339. |
|
| 942 | _cBK | ||
| 999 |
_c31079 _d31077 |
||